000 00566nam a2200205Ia 4500
005 20250923144640.0
008 008 250917s9999 xx 000 0 eng d
037 _aTextual
040 _aDSWL
_beng
_cDSWL
041 _aeng
_2eng
084 _aY:45.2, N38
_qDSWL
100 _aDare, M.Paul
_9826993
245 0 _aIndian underworld
_cby M.Paul Dare
260 _aLondon
_b Riden & Co. Paternoster House
_c1938
300 _axi,218p.
365 _aINR
_b15
925 _g15
942 _cTEXL
_hY:45.2, N38
999 _c1441612
_d1441612